书目信息 |
| 题名: |
毛泽东五十次回湖南
|
|
| 作者: | 于来山 , 陈克鑫 , 夏远生 主编 | |
| 分册: | ||
| 出版信息: | 长沙 湖南人民出版社 2009.09 |
|
| 页数: | 408页 | |
| 开本: | 25cm | |
| 丛书名: | ||
| 单 册: | ||
| 中图分类: | A752 | |
| 科图分类: | ||
| 主题词: | ||
| 电子资源: | ||
| ISBN: | 978-7-5438-5990-6 | |
| 000 | 00929nam0 2200253 450 | |
| 001 | 012009811226 | |
| 005 | 20100601140241.28 | |
| 010 | @a978-7-5438-5990-6@dCNY50.00 | |
| 100 | @a20100601d2009 em y0chiy0120 ea | |
| 101 | 0 | @achi |
| 102 | @aCN@b430000 | |
| 105 | @aac z 000yd | |
| 106 | @ar | |
| 200 | 1 | @a毛泽东五十次回湖南@Amao ze dong wu shi ci hui hu nan@f于来山, 陈克鑫, 夏远生主编@Fyu lai shan,chen ke xin,xia yuan sheng zhu bian |
| 210 | @a长沙@c湖南人民出版社@d2009.09 | |
| 215 | @a408页@c图, 肖像@d25cm | |
| 330 | @a本书系统、生动地记录了毛主席回湖南调研、视察、指导工作的光辉历程,展现了毛主席作为一代伟人的动人风采,读了深受教育和感染。 | |
| 600 | 0 | @a毛泽东,@Amao ze dong@f1893-1976@x生平事迹 |
| 690 | @aA752@v4 | |
| 701 | 0 | @a于来山@Ayu lai shan@4主编 |
| 701 | 0 | @a陈克鑫@Achen ke xin@4主编 |
| 701 | 0 | @a夏远生@Axia yuan sheng@4主编 |
| 801 | 0 | @aCN@bQSSK@c20100601 |
| 905 | @b780342-43@dA752@eY718@f2 | |
| 毛泽东五十次回湖南/于来山, 陈克鑫, 夏远生主编.-长沙:湖南人民出版社,2009.09 |
| 408页:图, 肖像;25cm |
| ISBN 978-7-5438-5990-6:CNY50.00 |
| 本书系统、生动地记录了毛主席回湖南调研、视察、指导工作的光辉历程,展现了毛主席作为一代伟人的动人风采,读了深受教育和感染。 |
| ● |
| 相关链接 |
|
|
|
正题名:毛泽东五十次回湖南
索取号:A752/Y718
 
预约/预借
| 序号 | 登录号 | 条形码 | 馆藏地/架位号 | 状态 | 备注 |
| 1 | 780342 | 207803420 | 社科库509/509社科库 3排2列1层/ [索取号:A752/Y718] | 在馆 | |
| 2 | 780343 | 207803439 | 社科库509/509社科库 3排2列1层/ [索取号:A752/Y718] | 在馆 |